000 01108nam a22002537a 4500
999 _c63321
_d63321
005 20240530110634.0
008 170919s2014 ua ahk f b 000 0 ara d
017 _a2013/16111
_bمصر. دار الكتب
020 _a9789772122257
040 _aEG-CaGPL
_cEG-CaGPL
082 0 4 _221
_a371.33 /
_bع و
100 0 _aعلى فوزى عبدالمقصود
245 1 2 _aالوسائل التعليمية و تكنولوجيا التعليم :
_bالاتصال التربوى - نماذج الاتصال /
_cعلى فوزى عبدالمقصود ، عطية سالم الحداد
260 _aالاسكندرية :
_bمؤسسة شباب الجامعة ،
_c2014.
300 _a324 ص. :
_bايض ؛
_c24 سم.
504 _aيشتمل على ارجاعات ببليوجرافية
650 0 4 _2qrmak
_aالتخطيط التربوى
650 0 4 _2qrmak
_aالوسائل التعليمية
650 0 4 _2qrmak
_aالسياسة التعليمية
651 _2qrmak
700 0 _aعطية سالم الحداد
_eمؤلف مشارك
942 _2ddc
_cBK